000 02020nam a22003017a 4500
003 CHAP
005 20240522115403.0
007 ta
008 221107s2021 mx bdo|fs|||| 00| 0 spa d
040 _amxchpua
090 _aT.C.857
_bM38 IAI
_c2021
245 1 0 _aReporte de fase de campo para el sistema producto piña (Ananas comosus L) en los estados de la región de estudio Oaxaca, Veracruz y Quintana Roo /
_ccoordinadora Laura Martín Márquez Roa ; colaboradores Lucia del Carmen Aguilar López...[y otros]
260 _aMéxico, Chapingo :
_bEl autor,
_c2021
300 _a1 recurso en línea (en varias páginas) :
_bgráficas, mapas, fotos
336 _2rdacontent
_atexto
_btxt
337 _2rdamedia
_acomputadora
_bc
338 _2rdacarrier
_arecurso en línea
_bcr
500 _aGrado: 5° Grupo: 4 Directorio: pág. 137-138
502 _aViaje de Estudios
_b(IAI) --
_cUACh. Departamento de Ingeniería Agroindustrial,
_d2021
504 _aBibliografía: pág. 123-127
505 0 0 _tVisitas: -- 1. Equisye -- 2. Pitahayas Eco Edén -- 3. Grupo Frutícola del Sur SPR de RL. -- 4. Felipe Trujillo León -- 5. Ing. Wenceslao Hernández González -- 6. Pitahayas La Roca -- 7. Ing. Juan Carlos Campis Pacheco -- 8. Rancho Lib e rtad -- 9. Brigada de Educación p a ra el Desarrollo Rural No. 17 -- 10. Miguel Ángel Acosta Carmona -- 11. Dulces y Mermeladas Ch’ujukil -- 12. Rancho La Pit’yaya -- 13. Ing. Carlos Eduardo Chable Poot -- 14. Pitayas y Pit ahayas Huitziltepec -- 15. Pitahayas Gamar -- 16. Pitahayas San José de Meza (cooperativa) -- 17. PITAMEX
650 1 3 _95473
_aAnanas comosus
650 1 3 _9156405
_aPiñas
_xIndustria y comercio
_zMéxico
650 1 3 _9156404
_aPineapples
_xIndustry and trade
_zMexico
700 1 _976348
_aMárquez Roa, Laura Martín
_ecoordinadora
700 1 _aAguilar López, Lucía del Carmen
_ecolaboradora
_9185597
856 4 2 _uhttp://10.13.5.2/ve/T_C_857_IAI/T_C_857_IAI_2021-REPORTE_pdf
_yDescargar REPORTE
999 _c217711
_d217711